000 00353nam a2200145 a 4500
008 990223s1956||||xx 0 und c
040 _aSNK
_bslo
_cSNK
_eAACR2
100 1 _aZerčaninov, A. A.
245 1 0 _aDejiny Ruskej literatúry 1.
260 _aBratislava
_bSVKL
_c1956
300 _a1012 s.
020 _c64.90
044 _axo
_cSK
041 _aslo
999 _c14861
_d14861